000 00520cam a2200205ua 4500
001 10105
008 170330n ii |||gr||||Z||||||asm
020 _a9789382283287
040 _cMAIN
041 _aasm
082 _a891.451
100 _aNeog, Bibha Dutta,
_eEditor.
245 _aAsamiya gadya chayan
_cEd. by Bibha Dutta Neog and Rita Dutta
250 _a2nd ed.
260 _aDibrugarh:
_bKaustubh,
_c2013.
300 _a319p.
653 _aAssamese textbook
700 _aDutta, Rita,
_eAuthor.
942 _cBK
999 _c9104
_d9104